000 01171nam0a2200325 4500
001 RU\NLR\BIBL_A\022279785
005 20260420012252.0
010 _a978-5-98422-615-8
_9200
021 _aRU
_bКН-П-24-032034
_9КН-П-24-3241
035 _a(NLR Aleph) 022279785
090 _a13660825
_c13660825
100 _a20240717d2023 u y0rusy50 ca
101 0 _arus
102 _aRU
105 _aac z 000zy
181 0 _ai3
_baxxe
182 0 _an
200 1 _aТаро - правда или вымысел
_fО. С. Щеглова
203 _aТекст
_bвизуальный
_cнепосредственный
210 _aМосква
_cЛюбомир
_d2023
215 _a46 с.
_cил., цв. ил., цв портр.
_d20
300 _aКн. содержит QR-коды со ссылками на доп. материалы
320 _aБиблиогр. в тексте и в подстроч. примеч.
606 1 _aТаро
_92073672
_3RU\NLR\AUTH\661248597
686 1 _aЭ391.215
700 1 _aЩеглова
_bО. С.
_gОльга С.
942 _cBOOK
980 _aNB